| 000 | 00389nam a2200145Ia 4500 | ||
|---|---|---|---|
| 008 | 220530s9999 xx 000 0 und d | ||
| 041 | _aeng | ||
| 082 |
_a540.1 _bNAR |
||
| 100 |
_aNarkhede S N _956653 |
||
| 245 | _aApplied Chemistry | ||
| 260 |
_aNagpur _bDas Ganu Prakashan _c2008 |
||
| 300 |
_a593 P _bPB |
||
| 700 |
_a Zadgaonkar A U Bhake A B Jadhav R T _956654 |
||
| 906 |
_a52.8 _bALIED |
||
| 999 |
_c51346 _d51346 |
||